000
00240nam a2200097Ia 4500
008
190216s9999||||xx |||||||||||||| ||und||
100
_a
C M Narayana Panikker
245
0
_a
Rajathremspec Throstoyik Orumughavura
260
_b
Null
942
_c
BK
999
_c
25215
_d
25215